000 00706nam a22002297a 4500
003 DO-SdBNP
005 20210720150158.0
008 210719b 2021 dr 00| 0 eng d
020 _a9789945504187
040 _aDO-SdBNP
_bspa
_cBNPHU
082 4 _aRD861.5
_bP438y
100 1 _a Pérez, Eduviges
_979292
245 1 0 _aYa no más /
_cEduviges Pérez.
260 _aSanto Domingo :
_bEl Nuevo Diario,
_c2021.
300 _a52 p. ;
_c21 cm.
590 _aInventariado, 2021 /LP
590 _aLa biblioteca posee 1 ejemplar autografiado por la autora
650 4 _aPoesía dominicana
_979317
650 4 _aLiteratura dominicana
_979318
910 _aValidado. Control de calidad MFF
942 _2ddc
_cLBS1
999 _c50141
_d50141